[Event "AUTO-ADV-1733"]
[Site "http://www.queenalice.com/game.php?id=828127"]
[Date "2010.9.5"]
[Round "2"]
[White "baldini"]
[Black "karlusvr"]
[Result "1-0"]
[WhiteElo "1891"]
[BlackElo "1861"]

1. d4 Nf6 2. c4 g6 3. Nc3 d5 4. Bg5 Ne4 5. Nxe4 dxe4 6. e3 Bg7 7. Ne2 c5 8. Bf4
Nc6 9. d5 Ne5 10. Bxe5 Bxe5 11. Qc2 f5 12. g3 e6 13. Rd1 Qb6 14. b3 Qa5+ 15. Qd2
Qxd2+ 16. Kxd2 exd5 17. cxd5 b6 18. Nc3 Bb7 19. Bc4 Rd8 20. Kc2 Ke7 21. Rd2 Rd6
22. Rhd1 Bxc3 23. Kxc3 Rhd8 24. b4 cxb4+ 25. Kxb4 1-0

[Event "QA-ANNIV-06"]
[Site "http://www.queenalice.com/game.php?id=836975"]
[Date "2010.9.23"]
[Round "2"]
[White "gmvilela"]
[Black "baldini"]
[Result "1-0"]
[WhiteElo "2145"]
[BlackElo "1929"]

1. e4 c6 2. d4 d5 3. exd5 cxd5 4. c4 Nf6 5. Nc3 e6 6. Nf3 Nc6 7. c5 Be7 8. Bb5
Bd7 9. Bxc6 Bxc6 10. b4 a6 11. O-O O-O 12. a4 b5 13. Ne5 Qc7 14. Bf4 Qb7 15.
axb5 Bxb5 16. Re1 Rfc8 17. g4 Nd7 18. Nf3 Nb8 19. Ne5 Nc6 20. Nxb5 Nxe5 21. Nc7
Rxc7 22. Bxe5 Rcc8 23. Qd2 f6 24. Bg3 Kf7 25. Ra5 Bd8 26. Ra4 Bc7 27. Bxc7 Rxc7
28. Rea1 Qb5 29. Ra5 Qc6 30. b5 Qd7 31. b6 Rb7 32. Qe2 e5 33. dxe5 fxe5 34. h3
e4 35. Rxa6 Re8 36. Ra7 Kg8 37. Rxb7 Qxb7 38. Ra7 Qc6 39. Qb2 Qg6 40. b7 h5 41.
b8=Q Rxb8 42. Qxb8+ Kh7 43. Qg3 Qc6 44. Qe5 1-0

[Event "Challenge"]
[Site "http://www.queenalice.com/game.php?id=870686"]
[Date "2010.12.11"]
[Round "-"]
[White "champgg"]
[Black "baldini"]
[Result "1-0"]
[WhiteElo "2059"]
[BlackElo "1937"]

1. e4 c6 2. d3 d5 3. Nd2 dxe4 4. Nxe4 Bf5 5. Be2 Bxe4 6. dxe4 Qxd1+ 7. Bxd1 Nf6
8. e5 Nd5 9. Nf3 e6 10. O-O Nd7 11. c4 Ne7 12. b3 Nf5 13. Bc2 g6 14. Bf4 Bg7 15.
Rad1 Rd8 16. h3 O-O 17. Bg5 f6 18. exf6 Bxf6 19. Bf4 e5 20. Bh2 Nd4 21. Nxd4
exd4 22. Bc7 Rc8 23. Bd6 Rfd8 24. f4 Nf8 25. c5 Kf7 26. g4 Rxd6 27. cxd6 Rd8 28.
g5 Bg7 29. f5 gxf5 30. Rxf5+ Ke6 31. Re1+ Kxd6 32. h4 Ng6 33. Rf7 Rg8 34. Rxb7
Nxh4 35. Bxh7 Nf3+ 36. Kf1 Nxe1 37. Bxg8 Nf3 38. Rxg7 d3 39. Kf2 Ne5 40. Rxa7 c5
41. Ke3 Nc6 42. Ra6 Kc7 43. Rxc6+ Kxc6 44. g6 Kb5 45. Bc4+ Kb4 46. g7 1-0

[Event "AUTO-OPEN-2209"]
[Site "http://www.queenalice.com/game.php?id=877217"]
[Date "2010.12.27"]
[Round "1"]
[White "Hipatia"]
[Black "baldini"]
[Result "0-1"]
[WhiteElo "1400"]
[BlackElo "1945"]

1. e4 c6 2. Nf3 d5 3. c3 dxe4 4. Nh4 Nf6 5. b4 e6 6. a4 Nd5 7. Qg4 f5 8. Qh5+
Kd7 9. g3 Be7 10. Ng2 g6 11. Qe2 Kc7 12. b5 Bd7 13. f3 exf3 14. Qxf3 c5 15. Na3
b6 16. Nc4 Bc8 17. a5 bxa5 18. Rxa5 Bb7 19. Qf2 Nd7 20. Ra4 N7b6 21. Ra5 Bf6 22.
Na3 Qd7 23. Qxc5+ Kd8 24. Qf2 Ke7 25. c4 Rhc8 26. Be2 Nb4 27. c5 Bxg2 28. Qxg2
N6d5 29. Nc4 Rxc5 30. Na3 Rxc1+ 31. Kf2 Rxh1 32. Qxh1 Nb6 33. Nc2 Nxc2 34. Ra2
Qd4+ 35. Kf1 Qxd2 36. Qb7+ Kf8 37. Rxc2 Qxc2 38. Qxh7 Qc1+ 39. Kf2 Bd4+ 40. Kg2
Qg1+ 41. Kh3 Nd5 0-1

[Event "AUTO-OPEN-2209"]
[Site "http://www.queenalice.com/game.php?id=877218"]
[Date "2010.12.27"]
[Round "1"]
[White "baldini"]
[Black "Hipatia"]
[Result "1-0"]
[WhiteElo "1947"]
[BlackElo "1400"]

1. d4 e6 2. c4 Nf6 3. Nc3 c6 4. Bg5 Bb4 5. Nf3 h6 6. Bxf6 gxf6 7. e3 Qa5 8. Qb3
Be7 9. Bd3 Rg8 10. O-O Qh5 11. Kh1 Qg4 12. Rg1 Qh5 13. c5 a5 14. Na4 b5 15. Nb6
Bb7 16. Nxa8 Bxa8 17. Qd1 Qg4 18. Nd2 Qg5 19. Qf3 d5 20. Qg3 Nd7 21. Qxg5 Rxg5
22. f4 Rg8 23. a3 a4 24. Nf3 f5 25. h3 Nf6 26. Ne5 Nh5 27. g4 fxg4 28. hxg4 Nf6
29. g5 hxg5 30. fxg5 Rh8+ 31. Kg2 Rg8 32. Kf3 Nh7 33. g6 fxg6 34. Bxg6+ Rxg6 35.
Nxg6 Bf6 36. Nf4 Ke7 37. Rg8 Bb7 38. Rb8 Ba6 39. Ra8 1-0

[Event "AUTO-OPEN-2209"]
[Site "http://www.queenalice.com/game.php?id=877239"]
[Date "2010.12.27"]
[Round "1"]
[White "RandyShane"]
[Black "baldini"]
[Result "1-0"]
[WhiteElo "2009"]
[BlackElo "1900"]

1. e4 c6 2. d4 d5 3. exd5 cxd5 4. c4 Nf6 5. Nc3 e6 6. Nf3 Nc6 7. cxd5 Nxd5 8.
Nxd5 Qxd5 9. Be3 Bb4+ 10. Bd2 Bxd2+ 11. Qxd2 O-O 12. b3 Rd8 13. Bc4 Qe4+ 14. Qe3
Qxe3+ 15. fxe3 a6 16. O-O b5 17. Be2 Bb7 18. Ng5 Rd7 19. Rf2 h6 20. Nf3 f6 21.
Kf1 Ne7 22. Rc1 Rc8 23. Rxc8+ Nxc8 24. Ke1 Nd6 25. Nd2 Ne4 26. Nxe4 Bxe4 27. Kd2
e5 28. Bd3 Bxd3 29. Kxd3 Kf7 30. Rc2 a5 31. Rc5 exd4 32. exd4 Rb7 33. d5 a4 34.
Kd4 axb3 35. axb3 Ke7 36. Rc6 Kd7 37. Kc5 h5 38. b4 h4 39. d6 g5 40. Ra6 f5 41.
Ra8 g4 42. Rf8 Ke6 43. Kc6 Ra7 44. Re8+ Kf7 45. d7 Ra6+ 46. Kxb5 Rd6 47. d8=Q
Rxd8 48. Rxd8 1-0

[Event "AUTO-OPEN-2209"]
[Site "http://www.queenalice.com/game.php?id=877240"]
[Date "2010.12.27"]
[Round "1"]
[White "baldini"]
[Black "RandyShane"]
[Result "0-1"]
[WhiteElo "1939"]
[BlackElo "1976"]

1. d4 Nf6 2. c4 e6 3. Nc3 Bb4 4. Bd2 O-O 5. Nf3 b6 6. e3 Ba6 7. Be2 d5 8. cxd5
Bxe2 9. Qxe2 Nxd5 10. Nxd5 Bxd2+ 11. Qxd2 Qxd5 12. O-O Nd7 13. Rfc1 Rac8 14. b3
Nf6 15. Qc2 c5 16. dxc5 Rxc5 17. Qd2 Qxd2 18. Nxd2 Rfc8 19. Rxc5 Rxc5 20. Nc4
Kf8 21. Kf1 Ke7 22. Ke2 b5 23. Nd2 Nd5 24. Ne4 Rc7 25. a4 f5 26. Ng5 h6 27. Nf3
bxa4 28. bxa4 Rc4 29. a5 g5 30. Nd4 Kf6 31. Nb5 a6 32. Nd4 e5 33. Nb3 Rc2+ 34.
Ke1 Ke6 35. Kd1 Rxf2 36. Nc5+ Kd6 37. Nxa6 Rf1+ 0-1

[Event "AUTO-MASTER-1305"]
[Site "http://www.queenalice.com/game.php?id=877317"]
[Date "2010.12.27"]
[Round "1"]
[White "BIBIU16"]
[Black "baldini"]
[Result "1-0"]
[WhiteElo "2067"]
[BlackElo "1926"]

1. e4 c6 2. d4 d5 3. exd5 cxd5 4. Nf3 Nf6 5. Bb5+ Bd7 6. Bxd7+ Nbxd7 7. O-O e6
8. Re1 Be7 9. c3 O-O 10. Nbd2 Qc7 11. Nb3 b6 12. Qc2 Rac8 13. Bg5 h6 14. Bh4
Rfe8 15. Bg3 Bd6 16. Bxd6 Qxd6 17. Ne5 a5 18. a4 Qc7 19. Rad1 Nxe5 20. dxe5 Ne4
21. Nd4 Qd7 22. Nb5 Rc5 23. Rxe4 Qc6 24. Red4 Rxb5 25. axb5 Qxb5 26. Qa4 Qxa4
27. Rxa4 Kf8 28. b4 axb4 29. Rxb4 Rc8 30. Rxb6 Rxc3 31. Rb8+ Ke7 32. Ra1 Rc7 33.
Rab1 g5 34. R8b7 Rxb7 35. Rxb7+ Kf8 36. Kf1 Kg7 37. Ke2 Kg6 38. g4 f5 39. f3
fxg4 40. fxg4 h5 41. h3 hxg4 42. hxg4 1-0

[Event "AUTO-MASTER-1305"]
[Site "http://www.queenalice.com/game.php?id=877318"]
[Date "2010.12.27"]
[Round "1"]
[White "baldini"]
[Black "BIBIU16"]
[Result "0-1"]
[WhiteElo "1949"]
[BlackElo "2108"]

1. d4 Nf6 2. c4 g6 3. Nc3 Bg7 4. Nf3 O-O 5. e4 d6 6. Be2 Nbd7 7. Bg5 h6 8. Bxf6
Bxf6 9. Qd2 Bg7 10. O-O e5 11. dxe5 dxe5 12. Rad1 c6 13. b3 Qe7 14. Qd6 Qxd6 15.
Rxd6 Re8 16. Rfd1 Nc5 17. Rd8 Kf8 18. h3 Ne6 19. Rxe8+ Kxe8 20. Na4 b6 21. Nb2
Bb7 22. Nd3 c5 23. Ndxe5 Bxe4 24. Ng4 Nd4 25. Nxd4 cxd4 26. f3 Bf5 27. Bd3 Bxg4
28. hxg4 Kd7 29. Kf2 Re8 30. Re1 Rxe1 31. Kxe1 Kd6 32. a3 Be5 33. Kf2 Bf4 34. g3
Be3+ 35. Ke2 Bc1 36. a4 Kc5 37. Bc2 Kb4 38. Kd3 Be3 39. Bd1 g5 40. Bc2 Kc5 41.
Ke4 Kd6 42. Kf5 Ke7 43. f4 a5 44. Bd3 f6 45. fxg5 hxg5 46. Ke4 Kd6 47. Bc2 Kc5
48. Kd3 Bf2 49. Bd1 Bxg3 50. Bc2 Be5 51. Bd1 Kb4 52. Bc2 f5 53. gxf5 g4 54. Bd1
g3 55. Bf3 Kxb3 56. Bc6 Bf6 57. Bd5 Kxa4 58. Bg2 Kb4 59. Bf1 a4 60. Kc2 a3 61.
Kb1 Kb3 62. Ka1 a2 63. Bd3 g2 0-1

[Event "AUTO-MASTER-1305"]
[Site "http://www.queenalice.com/game.php?id=877329"]
[Date "2010.12.27"]
[Round "1"]
[White "Catalin"]
[Black "baldini"]
[Result "1-0"]
[WhiteElo "2269"]
[BlackElo "1906"]

1. e4 c6 2. d4 d5 3. Nc3 dxe4 4. Nxe4 Bf5 5. Ng3 Bg6 6. h4 h6 7. Nf3 Nf6 8. Bd3
Bxd3 9. Qxd3 e6 10. Bf4 Nbd7 11. O-O Be7 12. c4 Nb6 13. Qe2 O-O 14. Rfe1 Bb4 15.
Rf1 Bd6 16. Bxd6 Qxd6 17. c5 Qf4 18. cxb6 axb6 19. Qe5 Qxe5 20. dxe5 Nd5 21.
Rfd1 c5 22. Ne4 Ra4 23. Nd6 Rb4 24. Rd2 Rb8 25. Rad1 b5 26. Rc2 b6 27. a3 Rb3
28. Nd2 Rd3 29. Nxb5 Rd8 30. Nd6 Nf4 31. a4 Ng6 32. N6c4 Rb8 33. g3 b5 34. axb5
Rxb5 35. Ra1 Rd5 36. Ra8+ Kh7 37. Nd6 Rb4 38. Nxf7 1-0

[Event "AUTO-MASTER-1305"]
[Site "http://www.queenalice.com/game.php?id=877330"]
[Date "2010.12.27"]
[Round "1"]
[White "baldini"]
[Black "Catalin"]
[Result "0-1"]
[WhiteElo "1908"]
[BlackElo "2268"]

1. d4 d5 2. Nf3 Nf6 3. Bg5 Bg4 4. Bxf6 exf6 5. e3 Bd6 6. Be2 O-O 7. O-O Re8 8.
Nbd2 f5 9. c4 dxc4 10. Nxc4 f4 11. Nxd6 Qxd6 12. Ne5 Bxe2 13. Qxe2 Nd7 14. Nxd7
Qxd7 15. Rae1 Re4 16. Qd3 Rae8 17. h3 Qe7 18. Re2 fxe3 19. fxe3 Rxe3 20. Rxe3
Qxe3+ 21. Qxe3 Rxe3 22. Rc1 Re7 23. Kf2 h5 24. b4 g5 25. a4 Kg7 26. b5 h4 27. a5
f5 28. Kf3 b6 29. axb6 axb6 30. g4 f4 31. d5 Kf8 32. Rc6 Re3+ 33. Kg2 Rd3 34.
Rf6+ Kg7 35. Rc6 Rxd5 36. Rxc7+ Kf8 37. Rc8+ Ke7 38. Rc7+ Kd8 0-1

[Event "AUTO-MASTER-1305"]
[Site "http://www.queenalice.com/game.php?id=877335"]
[Date "2010.12.27"]
[Round "1"]
[White "arrabi"]
[Black "baldini"]
[Result "1-0"]
[WhiteElo "1987"]
[BlackElo "1949"]

1. e4 c6 2. Bc4 d5 3. exd5 cxd5 4. Bb5+ Bd7 5. Qe2 e6 6. Nf3 Bd6 7. d4 Nf6 8.
Bg5 O-O 9. Ne5 Bxb5 10. Qxb5 Qc7 11. Bxf6 gxf6 12. Ng4 f5 13. Nf6+ Kh8 14. c3
Be7 15. Nh5 Nd7 16. Nd2 Nf6 17. Qe2 Nxh5 18. Qxh5 Qf4 19. g3 Qg5 20. Qe2 f4 21.
h4 Qf5 22. g4 Qe4 23. Nxe4 dxe4 24. Qxe4 Bd6 25. g5 b6 26. h5 e5 27. g6 fxg6 28.
hxg6 Rfe8 29. Rxh7+ 1-0

[Event "AUTO-MASTER-1305"]
[Site "http://www.queenalice.com/game.php?id=877336"]
[Date "2010.12.27"]
[Round "1"]
[White "baldini"]
[Black "arrabi"]
[Result "1/2-1/2"]
[WhiteElo "1909"]
[BlackElo "1992"]

1. d4 d5 2. Nf3 Nf6 3. Bg5 Nbd7 4. Bxf6 Nxf6 5. e3 g6 6. c4 c6 7. Nc3 Bg7 8.
cxd5 Nxd5 9. Nxd5 Qxd5 10. Be2 O-O 11. O-O b5 12. Nd2 Bb7 13. Bf3 Qd7 14. Ne4
Bc8 15. Nc5 Qd6 16. a4 Rb8 17. axb5 Rxb5 18. Rxa7 Rd8 19. Qc2 Bf5 20. Be4 Rdb8
21. Bxf5 Rxb2 22. Qe4 gxf5 23. Qxe7 Qxe7 24. Rxe7 Re2 25. Nd7 Rd8 26. Ne5 Bxe5
27. Rxe5 f4 28. Rc5 fxe3 29. fxe3 Rd6 30. Rf3 Re6 31. h3 Rg6 32. g4 Re6 33. Rc3
Kf8 34. Kf1 Rd2 35. Rf2 Rd1+ 36. Ke2 Rh1 37. Rf3 Rh2+ 38. Kd3 Ke7 39. e4 f6 40.
d5 cxd5 41. exd5 Ree2 42. Kc4 Rb2 43. Kc5 Rb8 44. d6+ Kd7 45. Kd5 Rd2+ 46. Rfd3
Rb5+ 47. Ke4 Re5+ 48. Kf3 Rxd3+ 49. Rxd3 h5 50. gxh5 Rxh5 51. Kg4 Rg5+ 52. Kf4
Rh5 53. Kg4 Rg5+ 54. Kh4 Rg1 55. Kh5 f5 56. h4 Rg8 57. Kh6 f4 58. Rf3 Rf8 59. h5
Kxd6 60. Kg7 Rf5 61. h6 Rg5+ 62. Kf6 Rh5 63. Kg6 Rh4 64. h7 Ke5 65. Kg7 Ke4 66.
Rf1 f3 67. h8=Q Rxh8 68. Kxh8 Ke3 69. Kg7 Ke2 70. Ra1 f2 71. Ra2+ Kf3 72. Ra1
Kg2 73. Kg6 f1=Q 74. Rxf1 Kxf1 75. Kf5 1/2-1/2

[Event "AUTO-ADV-2018"]
[Site "http://www.queenalice.com/game.php?id=877603"]
[Date "2010.12.28"]
[Round "1"]
[White "anderson_amorim89"]
[Black "baldini"]
[Result "0-1"]
[WhiteElo "1470"]
[BlackElo "1890"]

1. e4 c6 2. d4 d5 3. e5 Bf5 4. Bd3 Bxd3 5. Qxd3 e6 6. f4 Ne7 7. Nf3 Nf5 8. g4
Nh4 9. Nbd2 Nxf3+ 10. Nxf3 Nd7 11. Be3 c5 12. c3 cxd4 0-1

[Event "AUTO-ADV-2018"]
[Site "http://www.queenalice.com/game.php?id=877604"]
[Date "2010.12.28"]
[Round "1"]
[White "baldini"]
[Black "anderson_amorim89"]
[Result "1-0"]
[WhiteElo "1888"]
[BlackElo "1472"]

1. d4 d5 2. Nf3 Nf6 3. Bg5 e6 4. e3 Be7 5. Be2 O-O 6. O-O Nbd7 7. Nbd2 c5 8.
Bxf6 Nxf6 9. c3 Bd7 10. Ne5 cxd4 11. exd4 Ne4 12. Nxe4 1-0

[Event "AUTO-ADV-2018"]
[Site "http://www.queenalice.com/game.php?id=877617"]
[Date "2010.12.28"]
[Round "1"]
[White "baldini"]
[Black "esdiniz"]
[Result "1-0"]
[WhiteElo "1916"]
[BlackElo "1860"]

1. d4 Nf6 2. c4 d5 3. Nf3 c6 4. Nc3 Bg4 5. e3 e6 6. Be2 Nbd7 7. O-O Be7 8. cxd5
cxd5 9. h3 Bxf3 10. Bxf3 O-O 11. Qc2 Rc8 12. Bd2 b5 13. Qb3 b4 14. Na4 a5 15.
Rac1 Nb6 16. Rxc8 Nxc8 17. Rc1 Nb6 18. Nxb6 Qxb6 19. a3 Nd7 20. axb4 axb4 21.
Ra1 Nb8 22. Be2 g6 23. Ra4 Nc6 24. g3 Rb8 25. Kg2 Bd6 26. Bd3 Kg7 27. Ra6 Qb7
28. Qa4 b3 29. Qxc6 1-0

[Event "AUTO-ADV-2018"]
[Site "http://www.queenalice.com/game.php?id=877618"]
[Date "2010.12.28"]
[Round "1"]
[White "esdiniz"]
[Black "baldini"]
[Result "0-1"]
[WhiteElo "1901"]
[BlackElo "1892"]

1. b4 Nf6 2. Bb2 e6 3. b5 b6 4. Nf3 Bb7 5. e3 g6 6. Be2 Bg7 7. O-O O-O 8. a4 d6
9. c4 Nbd7 10. d4 c5 11. Nbd2 Rc8 12. Qb3 cxd4 13. exd4 Ne4 14. Nxe4 Bxe4 15.
Rac1 Bxf3 16. Bxf3 Nf6 17. Rc2 Qe7 18. Re1 Rfd8 19. Ba3 Nd7 20. Qe3 e5 21. a5 f5
22. Bd5+ Kh8 23. c5 dxc5 24. dxc5 Nxc5 25. Bc6 e4 26. Bxc5 bxc5 27. Qxc5 Qxc5
28. Rxc5 Rd2 29. Rd5 Rxd5 30. Bxd5 Rc2 31. Rd1 Bf8 32. h3 Bc5 33. Rf1 Kg7 34. g3
Kf6 35. Kg2 Ke5 36. Bc6 h5 37. Be8 Kf6 38. h4 Ra2 39. b6 axb6 40. axb6 Bxb6 41.
Bb5 e3 42. Kf3 exf2 43. Bc4 Ra3+ 44. Ke2 Rxg3 0-1

[Event "AUTO-ADV-2018"]
[Site "http://www.queenalice.com/game.php?id=877619"]
[Date "2010.12.28"]
[Round "1"]
[White "baldini"]
[Black "bassoandre"]
[Result "0-1"]
[WhiteElo "1912"]
[BlackElo "2005"]

1. d4 Nf6 2. c4 e5 3. dxe5 Ng4 4. Nf3 Bc5 5. e3 Nc6 6. Nc3 Ngxe5 7. Nxe5 Nxe5 8.
b3 Qf6 9. Bb2 d6 10. Nd5 Qd8 11. Be2 O-O 12. Bxe5 dxe5 13. O-O c6 14. Nc3 Bf5
15. e4 Bg6 16. Qxd8 Rfxd8 17. Rad1 Bd4 18. Na4 Bxe4 19. Kh1 h6 20. f3 Bg6 21.
Bd3 Bxd3 22. Rxd3 b6 23. Nc3 Bxc3 24. Rxc3 Rd2 25. a4 Rad8 26. h3 c5 27. Re3 f6
28. f4 exf4 29. Rxf4 Rb2 30. Rfe4 Rd1+ 31. Kh2 Rdd2 32. Rg3 Kf7 33. Reg4 g5 34.
Re4 h5 35. Ree3 h4 36. Rg4 Kg6 37. Re7 a5 38. Re6 Rxb3 39. Kg1 Rbb2 40. Rc6 Rf2
41. Rd6 Kh5 42. Rd8 Kh6 43. Rd6 Kg6 44. Rc6 Rfd2 45. Rc8 Ra2 46. Rc6 Rdb2 47.
Re4 Rxg2+ 48. Kf1 Rh2 49. Kg1 Rhb2 50. Kf1 Rb1+ 51. Re1 Rxe1+ 52. Kxe1 Rxa4 53.
Rxb6 Rxc4 54. Rb5 a4 55. Ra5 Kf5 56. Kf2 Kf4 57. Kg2 f5 58. Kf2 g4 0-1

[Event "AUTO-ADV-2018"]
[Site "http://www.queenalice.com/game.php?id=877620"]
[Date "2010.12.28"]
[Round "1"]
[White "bassoandre"]
[Black "baldini"]
[Result "1-0"]
[WhiteElo "2003"]
[BlackElo "1922"]

1. e4 c6 2. d4 d5 3. e5 Bf5 4. Bd3 Bxd3 5. Qxd3 e6 6. Nf3 Ne7 7. Bg5 h6 8. Bh4
Qb6 9. b3 Nf5 10. h3 Nxh4 11. Nxh4 Nd7 12. O-O Be7 13. Nf3 O-O 14. Nbd2 c5 15.
c3 cxd4 16. cxd4 Rac8 17. Rac1 a6 18. Rc2 Rxc2 19. Qxc2 Nb8 20. Rc1 Nc6 21. Qc3
Bg5 22. Nxg5 hxg5 23. Nf3 f6 24. Rc2 Qd8 25. Qe3 Ne7 26. exf6 Rxf6 27. Nxg5 Qd7
28. Re2 Nf5 29. Qe5 Qe7 30. Nxe6 Qd6 31. Nc7 Nxd4 32. Qxd4 Qxc7 33. Qxd5+ Kh8
34. Re8+ Kh7 35. Qe4+ Rg6 36. Re6 Qf7 37. Rxg6 Qxg6 38. Qxg6+ Kxg6 39. f4 Kf5
40. g3 b6 41. Kf2 g6 42. Ke3 a5 43. g4+ Ke6 44. Ke4 b5 45. h4 a4 46. bxa4 bxa4
47. h5 gxh5 48. gxh5 Kf6 49. f5 a3 50. Kf4 1-0

[Event "QA-ANNIV-06"]
[Site "http://www.queenalice.com/game.php?id=884995"]
[Date "2011.1.12"]
[Round "3"]
[White "baldini"]
[Black "Richardlim"]
[Result "0-1"]
[WhiteElo "1924"]
[BlackElo "2321"]

1. d4 Nf6 2. c4 g6 3. Nc3 Bg7 4. Nf3 O-O 5. e3 d6 6. Be2 Bg4 7. O-O Bxf3 8. Bxf3
c6 9. Qc2 Qc7 10. b3 e6 11. Bb2 Nbd7 12. Rad1 Rfc8 13. e4 a6 14. Rfe1 b5 0-1